banner-ar

الفرقة بين الزوجين واحكامها فى مذهب اهل السنه / (Record no. 54572)

MARC details
000 -الفاتح
حقل البيانات ثابتة الطول 00738nam a2200205Ia 4500
005 - وقت وتاريخ اخر تعامل مع التسجيلة
رقم الضبط 20240530105259.0
008 - عناصر البيانات ثابتة الطول - معلومات عامة
حقل البيانات ثابتة الطول 140319s1990 ua b 000 0 ara d
040 ## - مصدر الفهرسة
وكالة الفهرسة الأصلية GCL /
وكالة النسخ GCL
082 04 - رقم تصنيف ديوى العشرى
رقم التصنيف 254/
رقم المادة أ ف
100 1# - المدخل الرئيسى - إسم شخصى
الإسم الشخصى السيد احمد فرج
245 12 - بيان العنوان
العنوان الفرقة بين الزوجين واحكامها فى مذهب اهل السنه /
بيان المسئوليه,etc السيد احمد فرج
260 ## - PUBLICATION, DISTRIBUTION, ETC. (IMPRINT)
تاريخ النشر أو التوزيع 1990.
300 ## - الوصف المادى
التعداد 391 ص؛
أبعاد الوعاء 24 سم.
650 04 - المدخل الاضافى بالموضوع-مصطلح موضوعى
مصطلح موضوعي الاسلام والمجتمع
650 04 - المدخل الاضافى بالموضوع-مصطلح موضوعى
مصطلح موضوعي الشريعة الاسلامية
650 04 - المدخل الاضافى بالموضوع-مصطلح موضوعى
مصطلح موضوعي الفقه الاسلامى
650 04 - المدخل الاضافى بالموضوع-مصطلح موضوعى
مصطلح موضوعي السنة النبوية
942 ## - عناصر المدخل الإضافي( كوها)
مصدر التصنيف او مخطط الترفيف Dewey Decimal Classification
Koha [default] item type كتاب
260 ## - PUBLICATION, DISTRIBUTION, ETC. (IMPRINT)
-- المنصورة :
-- دار الوفاء للطباعة والنشر والتوزيع،
Holdings
حالة التراجع حالة الفقد مصدر التصنيف او خطة الترفيف حالة تلف ليس للاعارة المكان المؤقت الموقع الحالى تاريخ الاكتساب اجمالي اﻻعارات رقم الطلب الباركود تاريخ اخر مشاهدة تاريخ تفعيل السعر نوع وعاء كوها
    ddc     مكتبة القاهرة الكبرى مكتبة القاهرة الكبرى 03/26/2014   254/أ ف 131220 03/26/2014 03/26/2014 كتاب
    ddc     مكتبة القاهرة الكبرى مكتبة القاهرة الكبرى 08/07/2019   254 /أ ف 166355 08/07/2019 08/07/2019 كتاب
    ddc     مكتبة القاهرة الكبرى مكتبة القاهرة الكبرى 08/27/2019   254/ أ ف 166401 08/27/2019 08/27/2019 كتاب

Powered By

EGPV